01338nam a2200301 a 450000100100000000500170001000800410002704000250006808200180009310000310011124000490014224501410019126000720033230000290040461000390043360000290047260000390050170000370054070000350057770000410061270000320065370000310068570000350071670000340075195201210078595201150090699900150102100000375820200929150546.0770217s1977 xxua 000 0 eng  aDO-SdBNPbspacBNPHU a381.13bC752s1 aConn, Charles Paul.91143314aThe possible dream. A candid look at Amway /13aEl sueño posible :bun recorrido sin prejuicios por el mundo de Amway /cCharles Paul Conn ; traducción Carmen M. Esteves...[et.al]. aOld Tappan, New Jersey, Estados Unidos :bFleming H. Revell,c1977. a158 p. :bil., ;c22 cm.24aCORPORACION AMWAYxHISTORIA91143414aDeVos, Richard M.91143514aVan Andel, Jay,d1924-2004.91143612aEsteves, Carmen M.etrad.91143712aEsteves, Rolandoetrad.91143812aHernández, Evelyn M.etrad.91143912aLathroum. Leoetrad.91144012aPico, Teresaetrad.91144112aPolanco, Coraliaetrad.91144212aRobles, Mary Joetrad.911443 001052708MOaGRbGRcHDd2009-07-13iLF1l0o381.13 C752sp3758-10r2020-06-25w2020-06-25y2ZPréstamo interno 001150718MOaPDbPDcMId2017-04-03iLF1l0o381.13 C752sp3758-20r2020-06-25w2020-06-25y1ZNo se presta c3580d3580